<?xml version="1.0" encoding="UTF-8"?>
<collection xmlns="http://www.loc.gov/MARC21/slim">
 <record>
  <leader>01895nam a22002897a 4500</leader>
  <controlfield tag="001">NCT_67042</controlfield>
  <controlfield tag="008">190820b        xxu||||| |||| 00| 0 vie d</controlfield>
  <datafield tag="999" ind1=" " ind2=" ">
   <subfield code="c">3238</subfield>
   <subfield code="d">3238</subfield>
  </datafield>
  <datafield tag="020" ind1=" " ind2=" ">
   <subfield code="a">9786047223947</subfield>
   <subfield code="c">54000</subfield>
  </datafield>
  <datafield tag="082" ind1="0" ind2="4">
   <subfield code="2">23rd ed.</subfield>
   <subfield code="a">346.597082</subfield>
   <subfield code="b">T406</subfield>
  </datafield>
  <datafield tag="100" ind1="1" ind2=" ">
   <subfield code="a">Võ Đình Toàn</subfield>
   <subfield code="e">Chủ biên</subfield>
  </datafield>
  <datafield tag="245" ind1="1" ind2="0">
   <subfield code="a">Giáo trình luật ngân hàng Việt Nam</subfield>
   <subfield code="c">Võ Đình Toàn (chủ biên)</subfield>
  </datafield>
  <datafield tag="260" ind1=" " ind2=" ">
   <subfield code="a">H.</subfield>
   <subfield code="b">Công an nhân dân</subfield>
   <subfield code="c">2017</subfield>
  </datafield>
  <datafield tag="300" ind1=" " ind2=" ">
   <subfield code="a">407 tr.</subfield>
   <subfield code="c">21cm</subfield>
  </datafield>
  <datafield tag="500" ind1=" " ind2=" ">
   <subfield code="a">ĐTTS ghi: Trường Đại học Luật Hà Nội</subfield>
  </datafield>
  <datafield tag="520" ind1="3" ind2=" ">
   <subfield code="a">Nội dung quyển sách bao gồm những kiến thức về hệ thống ngân hàng, tổ chức tín dụng, pháp luật ngân hàng và cập nhật các văn bản quy phạm pháp luật có liên quan.</subfield>
  </datafield>
  <datafield tag="653" ind1=" " ind2=" ">
   <subfield code="a">Luật học</subfield>
  </datafield>
  <datafield tag="700" ind1="1" ind2=" ">
   <subfield code="a">Vũ Văn Cương</subfield>
  </datafield>
  <datafield tag="700" ind1="1" ind2=" ">
   <subfield code="a">Nguyễn Văn Tuyên</subfield>
  </datafield>
  <datafield tag="700" ind1="1" ind2=" ">
   <subfield code="a">Nguyễn Đức Ngọc</subfield>
  </datafield>
  <datafield tag="942" ind1=" " ind2=" ">
   <subfield code="2">ddc</subfield>
   <subfield code="c">BK</subfield>
  </datafield>
  <datafield tag="952" ind1=" " ind2=" ">
   <subfield code="0">0</subfield>
   <subfield code="1">0</subfield>
   <subfield code="2">ddc</subfield>
   <subfield code="4">0</subfield>
   <subfield code="6">346_597082000000000_T406</subfield>
   <subfield code="7">0</subfield>
   <subfield code="9">17463</subfield>
   <subfield code="a">000001</subfield>
   <subfield code="b">000001</subfield>
   <subfield code="d">2019-08-20</subfield>
   <subfield code="o">346.597082 T406</subfield>
   <subfield code="p">MD.15813</subfield>
   <subfield code="r">2019-08-20</subfield>
   <subfield code="v">54000.00</subfield>
   <subfield code="w">2019-08-20</subfield>
   <subfield code="y">BK</subfield>
  </datafield>
  <datafield tag="952" ind1=" " ind2=" ">
   <subfield code="0">0</subfield>
   <subfield code="1">0</subfield>
   <subfield code="2">ddc</subfield>
   <subfield code="4">0</subfield>
   <subfield code="6">346_597082000000000_T406</subfield>
   <subfield code="7">0</subfield>
   <subfield code="9">17464</subfield>
   <subfield code="a">000001</subfield>
   <subfield code="b">000001</subfield>
   <subfield code="d">2019-08-20</subfield>
   <subfield code="l">3</subfield>
   <subfield code="m">1</subfield>
   <subfield code="o">346.597082 T406</subfield>
   <subfield code="p">MD.15814</subfield>
   <subfield code="r">2021-01-05</subfield>
   <subfield code="s">2020-12-21</subfield>
   <subfield code="v">54000.00</subfield>
   <subfield code="w">2019-08-20</subfield>
   <subfield code="y">BK</subfield>
  </datafield>
  <datafield tag="952" ind1=" " ind2=" ">
   <subfield code="0">0</subfield>
   <subfield code="1">0</subfield>
   <subfield code="2">ddc</subfield>
   <subfield code="4">0</subfield>
   <subfield code="6">346_597082000000000_T406</subfield>
   <subfield code="7">0</subfield>
   <subfield code="9">17465</subfield>
   <subfield code="a">000001</subfield>
   <subfield code="b">000001</subfield>
   <subfield code="d">2019-08-20</subfield>
   <subfield code="l">3</subfield>
   <subfield code="m">1</subfield>
   <subfield code="o">346.597082 T406</subfield>
   <subfield code="p">MD.15816</subfield>
   <subfield code="r">2021-01-05</subfield>
   <subfield code="s">2020-12-21</subfield>
   <subfield code="v">54000.00</subfield>
   <subfield code="w">2019-08-20</subfield>
   <subfield code="y">BK</subfield>
  </datafield>
  <datafield tag="952" ind1=" " ind2=" ">
   <subfield code="0">0</subfield>
   <subfield code="1">0</subfield>
   <subfield code="2">ddc</subfield>
   <subfield code="4">0</subfield>
   <subfield code="6">346_597082000000000_T406</subfield>
   <subfield code="7">0</subfield>
   <subfield code="9">17466</subfield>
   <subfield code="a">000001</subfield>
   <subfield code="b">000001</subfield>
   <subfield code="d">2019-08-20</subfield>
   <subfield code="l">3</subfield>
   <subfield code="m">1</subfield>
   <subfield code="o">346.597082 T406</subfield>
   <subfield code="p">MD.15817</subfield>
   <subfield code="r">2020-12-24</subfield>
   <subfield code="s">2020-12-16</subfield>
   <subfield code="v">54000.00</subfield>
   <subfield code="w">2019-08-20</subfield>
   <subfield code="y">BK</subfield>
  </datafield>
  <datafield tag="952" ind1=" " ind2=" ">
   <subfield code="0">0</subfield>
   <subfield code="1">0</subfield>
   <subfield code="2">ddc</subfield>
   <subfield code="4">0</subfield>
   <subfield code="6">346_597082000000000_T406</subfield>
   <subfield code="7">0</subfield>
   <subfield code="9">18102</subfield>
   <subfield code="a">000001</subfield>
   <subfield code="b">000001</subfield>
   <subfield code="d">2019-10-11</subfield>
   <subfield code="l">2</subfield>
   <subfield code="o">346.597082 T406</subfield>
   <subfield code="p">MD.15815</subfield>
   <subfield code="r">2020-12-28</subfield>
   <subfield code="s">2020-12-21</subfield>
   <subfield code="v">54000.00</subfield>
   <subfield code="w">2019-10-11</subfield>
   <subfield code="y">BK</subfield>
  </datafield>
  <datafield tag="980" ind1=" " ind2=" ">
   <subfield code="a">Thư viện Trường Đại học Nam Cần Thơ</subfield>
  </datafield>
 </record>
</collection>
